000 00556nam a2200205 4500
003 OSt
005 20240724010854.0
006 a
008 240724b |||||||| |||| 00| 0 eng d
020 _a9780071626811
040 _aDWCL-Main lib.
_cOC
082 _aCirc. 620.106 P868f 2009
100 _aPotter, Merle C.
245 _aFluid mechanics demystified /
260 _aN. Y. :
_bMcGraw-Hill,
_cc2009.
300 _axii,
_b302 p. : ill. ;
_c24 cm.
504 _aIncludes index.
650 _a1. Fluid mechanics.
942 _2ddc
_n0
_cBK-CIRC
_kCirc.
999 _c2630
_d2630